Normal view
MARC view
- Employee training personnel
Entry Topical Term
001 - CONTROL NUMBER
- control field: 35731
003 - CONTROL NUMBER IDENTIFIER
- control field: NUST
005 - DATE AND TIME OF LATEST TRANSACTION
- control field: 20210222103056.0
008 - FIXED-LENGTH DATA ELEMENTS
- fixed length control field: 210222|| aca||aabn | a|a d
040 ## - CATALOGING SOURCE
- Original cataloging agency: NUST
- Transcribing agency: NUST
150 ## - HEADING--TOPICAL TERM
- Topical term or geographic name entry element: Employee training personnel
670 ## - SOURCE DATA FOUND
- Source citation: Work cat.: (NUST)2903: Jenings, Judy. 35729, Communication basics /, c2004.
